| 000 | 00489nam a22001697a 4500 | ||
|---|---|---|---|
| 003 | CEME | ||
| 005 | 20210628202736.0 | ||
| 008 | 210120b xxu||||| |||| 00| 0 eng d | ||
| 040 | _cceme | ||
| 100 |
_aMood, Alexander .M , Graybill, Franklin .A ,Boes, Duane .C _961376 |
||
| 245 | _aIntroduction to the theory of statistics | ||
| 250 | _a3RD | ||
| 260 |
_aRAWALPINDI _bNATIONAL BOOK FOUNDATION _c2007 |
||
| 300 | _aXII,547 P | ||
| 650 |
_aTHEORY OF STATISTICS _961377 |
||
| 942 |
_cBK _2ddc |
||
| 999 |
_c570850 _d570850 |
||